00366pab a2200133 454500008004000000100002200040245003700062260000900099300001600108362001000124650003600134650002800170773003400198180718b2007 xxu||||| |||| 00| 0 eng d aBanerjee, Sumanta aThirty years after the emergency c2007 ap.3193-195. a4 Aug aIndia - Politics and government aPolitics and government aEconomic and Political Weekly